Sports Quiz

Random Sports or NFL Quiz

Big 4 Teams in 1991 Quiz Stats

 Plays Quiz Updated Mar 30, 2018

Challenge
Share
Tweet
Embed
Score 0/102 Timer 08:00
2 Plays Today
% Correct
Cincinnati Reds
93.5%
New York Giants
92%
San Francisco Giants
91.8%
New York Jets
91.2%
Winnipeg Jets
91%
Boston Red Sox
89.4%
New England Patriots
89.2%
Houston Oilers
88%
Edmonton Oilers
87.9%
Phoenix Cardinals
87.7%
New York Yankees
87.6%
Chicago Bears
87.4%
Chicago White Sox
87.3%
Dallas Cowboys
87.3%
Cleveland Browns
87.2%
St. Louis Cardinals
86.9%
Boston Celtics
86.3%
Los Angeles Lakers
86.3%
Los Angeles Rams
86.1%
Chicago Bulls
85.8%
Texas Rangers
85.4%
New York Rangers
85.4%
Los Angeles Raiders
85.3%
Atlanta Falcons
85.2%
Philadelphia Eagles
85.2%
Detroit Lions
84.9%
Green Bay Packers
84.9%
San Francisco 49ers
84.6%
Oakland Athletics
84.5%
Pittsburgh Steelers
84.3%
Miami Dolphins
84.1%
Indianapolis Colts
83.4%
Chicago Cubs
83.4%
Minnesota Vikings
83.3%
% Correct
Washington Redskins
83.3%
Seattle Seahawks
82.6%
New York Mets
82.6%
Los Angeles Kings
82.5%
Denver Broncos
82.5%
Sacramento Kings
82.4%
Cincinnati Bengals
82.2%
Atlanta Braves
82%
Atlanta Hawks
81.4%
New York Knicks
80.4%
San Diego Chargers
80.1%
Buffalo Bills
79.8%
Philadelphia 76ers
79.7%
New Jersey Nets
78.8%
Detroit Tigers
78.6%
Los Angeles Dodgers
78.6%
Los Angeles Clippers
78%
Boston Bruins
77.7%
Kansas City Chiefs
77.6%
Philadelphia Phillies
77.6%
Pittsburgh Pirates
77.5%
Houston Astros
77.4%
Detroit Pistons
77.3%
Cleveland Cavaliers
77.2%
Seattle SuperSonics
76.7%
Cleveland Indians
76.4%
New Orleans Saints
76.4%
Toronto Blue Jays
75.9%
Chicago Blackhawks
75.8%
Miami Heat
75.7%
Detroit Red Wings
75.7%
Houston Rockets
75.5%
Minnesota Twins
75.3%
Golden State Warriors
75%
% Correct
California Angels
74.2%
Dallas Mavericks
74%
Seattle Mariners
73.6%
Baltimore Orioles
73.2%
Tampa Bay Buccaneers
72.9%
Pittsburgh Penguins
72.7%
Montreal Canadiens
72.6%
New York Islanders
72.2%
San Diego Padres
72.2%
San Antonio Spurs
72%
Toronto Maple Leafs
71.5%
Milwaukee Brewers
71.5%
Montreal Expos
71.4%
Minnesota North Stars
71.2%
Denver Nuggets
70.8%
Kansas City Royals
70.6%
Indiana Pacers
70.5%
Milwaukee Bucks
70.1%
Philadelphia Flyers
69.9%
Utah Jazz
68.9%
Washington Bullets
68.9%
Phoenix Suns
68.5%
Vancouver Canucks
68%
Orlando Magic
67.9%
Minnesota Timberwolves
67.6%
Portland Trail Blazers
66.8%
Charlotte Hornets
65.8%
Calgary Flames
63.7%
St. Louis Blues
60.5%
Washington Capitals
60.3%
New Jersey Devils
60.2%
Buffalo Sabres
56.5%
Hartford Whalers
48.8%
Quebec Nordiques
44.1%

You're not logged in!

Compare scores with friends on all Sporcle quizzes.
Join for Free
OR
Log In

You Might Also Like...

Show Comments

Extras

Top Quizzes Today


Score Distribution

Your Account Isn't Verified!

In order to create a playlist on Sporcle, you need to verify the email address you used during registration. Go to your Sporcle Settings to finish the process.

Report this User

Report this user for behavior that violates our Community Guidelines.

Details: